00815nam a2200229 i 450000100060000000300090000600500170001500700030003200800410003508000230007610000410009924500500014026000560019030000380024649000260028460000410031070000410035183000340039285200210042699900170044795201210046437492ES-MaACL20230906155602.0t|030307q1923 sp f |||| |dspa d a73 Clará, José1 aClará, José (d1878-1958)93898910aJosé Clará / c[texto, José Francés]. aMadrid : b[s.n.], c[h. 1923] (fTip. Artística) a16 p., 41 h. de lám. ; c21 cm.1 aMonografías de arte14aClará, José (d1878-1958)9389891 aFrancés, José,d1883-19649521410 aMonografías de arte9179845 aES-MaACLjF-5778 c37492d37492 00104070aATENEOMbATENEOMcDEPO2d2008-01-17eSCl0oF-5778p1039459r2023-02-23 00:00:00w2023-02-23yMONOGRAFIA